Nâng cao sức mạnh cạnh tranh của các doanh nghiệp trong tiến trình hội nhập kinh tế quốc tế ( Sách chuyên khảo )

Nội dung quyển sách là hệ thống hoá những vấn đề lý luận cơ bản về khả năng cạnh tranh của doanh nghiệp, phân tích các kinh nghiệm quốc tế và trong nước, đánh giá thực trạng cạnh tranh của các doanh nghiệp (đi sâu phân tích các doanh nghiệp...

詳細記述

保存先:
書誌詳細
第一著者: Vũ, Trọng Lâm
フォーマット: 図書
言語:Undetermined
出版事項: Hà Nội Chính trị Quốc gia 2006
主題:
タグ: タグ追加
タグなし, このレコードへの初めてのタグを付けませんか!
Thư viện lưu trữ: Trung tâm Học liệu Trường Đại học Cần Thơ
LEADER 01382nam a2200217Ia 4500
001 CTU_110961
008 210402s9999 xx 000 0 und d
020 |c 24000 
082 |a 330.9597 
082 |b L120 
100 |a Vũ, Trọng Lâm 
245 0 |a Nâng cao sức mạnh cạnh tranh của các doanh nghiệp trong tiến trình hội nhập kinh tế quốc tế ( Sách chuyên khảo ) 
245 0 |c Vũ Trọng Lâm (chủ biên) 
260 |a Hà Nội 
260 |b Chính trị Quốc gia 
260 |c 2006 
520 |a Nội dung quyển sách là hệ thống hoá những vấn đề lý luận cơ bản về khả năng cạnh tranh của doanh nghiệp, phân tích các kinh nghiệm quốc tế và trong nước, đánh giá thực trạng cạnh tranh của các doanh nghiệp (đi sâu phân tích các doanh nghiệp trên địa bàn thủ đô Hà Nội). Tác giả cũng đề xuất những quan điểm định hướng và giải pháp chủ yếu, thiết thực nhằm nâng cao sức cạnh tranh của các doanh nghiệp Việt Nam 
650 |a Economic policy management,Vietnam 
650 |x Economic conditions,Developing countries 
904 |i Minh 
980 |a Trung tâm Học liệu Trường Đại học Cần Thơ